00353pab a2200133 454500008004000000100001900040245005800059260000900117300001100126362001200137650002900149650002100178773002000199180718b2015 xxu||||| |||| 00| 0 eng d aTiwari, Sanjay aCompetitiveness concerns of higher education in India c2015 ap.3-8. a27 Jul  aHigher education - India aHigher education aUniversity News